000
00308nam a22001337a 4500
008
180914b xxu||||| |||| 00| 0 eng d
020
_a
9780814478356
041
_a
eng
080
_a
338
100
_a
53
101
_a
MAN
245
_a
Fundamentals Of Project Management
_c
Lewis.J.P
942
_2
udc
_c
BK
999
_c
47803
_d
47803